Histoire et royauté commençant par la lettre P - Statistiques

Statistiques générales
  • Ce quiz a été pris 119 fois
  • Le résultat moyen est 8 sur 20
Statistiques - réponses
Indice Réponse % Correct
Titre des rois de l'Égypte antique. Pharaon
100%
Figure royale dans le contexte spirituel du Vatican. Pape
93%
Mot symbolisant les résidences somptueuses où vivent les souverains. Palais
85%
Royaume européen ayant joué un rôle clé dans l’unification allemande. Prusse
78%
Roi des Francs, père de Charlemagne. Pépin le Bref
64%
Enfants des rois ou les héritiers du trône. Prince / Princesse
62%
Cet événement a marqué l’effondrement ou la fragmentation des empires allemands, austro-hongrois, russes et ottomans. Première Guerre mondiale
60%
Pape controversé durant la Seconde Guerre mondiale, connu pour sa politique de neutralité. Pie XII
35%
Le “Grand” Tsar de Russie. Pierre I
33%
Dynastie royale anglaise qui a régné de 1154 à 1485. Plantagenêt
33%
Héritier d’un trône contesté ou perdu. Prétendant
29%
Affaire et scandale à la cour du roi Louis XIV révélant des sorcelleries et empoisonnements impliquant la noblesse et proches du roi. Affaire des Poisons
23%
Ancien royaume devenu une puissance mondiale sous les rois de la dynastie d'Aviz. Portugal
19%
Dernier roi de Yougoslavie, ayant accédé au trône à 11 ans après l'assassinat de son père. Pierre II
14%
Période de paix relative sous l'hégémonie britannique au 19e siècle. Pax Britannica
9%
Région historique gouvernée par des princes-électeurs. Palatinat
8%
Deuxième et dernier empereur du Brésil. Pedro II
4%
Dernier roi de Tahiti avant l'annexion française, figure importante du XIXe siècle. Pomare IV
2%
Souverain absolu d'un grand État. Potentat
2%
Premier roi des Māori, proclamé en 1858. Potatau I
1%
Aucun quiz correspondant
Distribution des résultats
% des personnes avec chaque résultat
Percentile par nombre de réponses
Votre historique - résultats
Vous n’avez pas pris ce quiz